000 00541nam a22001937a 4500
003 OSt
005 20151204150127.0
008 151204b xxu||||| |||| 00| 0 eng d
020 _a996646025
040 _cDDC
082 _a300 Zel 1997
100 _aZereza,Tiyambe;
_96506
245 _aA modern Economic History Of Africa.
260 _aNairobi,Kampala.
_bEast African Educational Publishers.
_c1997.
300 _aix,501p;
_bill;
_c23cm
504 _aReferences and index are included.
650 _aHistory.
_96507
942 _2ddc
_cSLOAN
999 _c2825
_d2825